Cities in Africa- Sudden Death - Statistics

General Stats
  • This quiz has been taken 51 times
  • The average score is 22 of 32
Answers on the Grid
Answers color-coded by a green-red scale on the quiz's grid according to % correct below.
Cape Town
Monrovia
Johannesberg
Pretoria
Durban
Windhoek
Luanda
Brazzaville
Dar es Salaam
Abidjan
Lagos
Antananarivo
Mombasa
Addis Ababa
Cairo
Ibadan
Juba
Khartoum
Accra
Douala
Ouagadougou
Bamako
Nouakchott
Nairobi
Kinshasa
Kano
Dakar
Gitega
Casablanca
Malabo
Libreville
Marrakesh
Kingston
Castries
Basseterre
Paramaribo
Nuku’alofa
Bendigo
Wollongong
Baku
Beirut
Isfahan
Denpasar
Dili
Dhaka
Colombo
Missoula
Mosul
Mashhad
Sana’a
Odessa
Ljubljana
Porto Alegre
Tallinn
Port Vila
 
Answer Stats
Answer % Correct
Namibia Windhoek
87%
South Africa Cape Town
84%
Kenya Nairobi
84%
Nigeria Lagos
82%
Ethiopia Addis Ababa
79%
South Africa Pretoria
79%
Republic of the Congo Brazzaville
76%
Morocco Casablanca
76%
Liberia Monrovia
76%
Burkina Faso Ouagadougou
76%
Mali Bamako
74%
Egypt Cairo
74%
Sudan Khartoum
74%
Kenya Mombasa
74%
Ghana Accra
71%
Madagascar Antananarivo
71%
Tanzania Dar es Salaam
71%
South Africa Durban
71%
D.R. Congo Kinshasa
71%
Angola Luanda
68%
Morocco Marrakesh
68%
Senegal Dakar
66%
South Africa Johannesberg
66%
South Sudan Juba
66%
Gabon Libreville
61%
Mauritania Nouakchott
61%
Côte d’Ivoire Abidjan
58%
Equatorial Guinea Malabo
58%
Nigeria Kano
53%
Burundi Gitega
47%
Cameroon Douala
45%
Nigeria Ibadan
42%
No matching quizzes found
Score Distribution
Percent of People with Each Score
Percentile by Number Answered
Your Score History
You have not taken this quiz